000 00615nam a2200229Ia 4500
003 OSt
005 20220918222213.0
006 a|||||r|||| 00| 0
007 ta
008 220917b |||||||| |||| 00| 0 eng d
024 _a215,959
037 _cTextual
040 _aARTS
_cARTS
_beng
041 _2eng
_aeng
082 _aR211, N6
100 _aJohn Mcdowell
_9142407
245 0 _aMind and world
_b with a new introduction
260 _aLondon
_bHarvard university press
_c1996
300 _axxiv,191p
_ccm.
942 _hR211, N6
_cTEXL
_2CC
999 _c274755
_d274755